000 00789nam a2200253Ia 4500
003 OSt
005 20220918170948.0
006 a|||||r|||| 00| 0
007 ta
008 220917b |||||||| |||| 00| 0 eng d
020 _a9781107034952 (hbk)
_c7244.25
024 _a289,767
037 _b158, 28/03/2016, Better Book Services
_cTextual
040 _aARTS
_cARTS
_beng
041 _2eng
_aeng
082 _aO111,3:gN, Q5
100 _aCastle Gregory Ed.
_932666
245 0 _aHistory of the modernist novel
260 _aNew York
_bCambridge UniversityPress U.S.A
_c2015
300 _axvi, 532p.
_ccm.
650 _aENGLISH LITERATURE
942 _hO111,3:gN, Q5
_cTEXL
_2CC
999 _c136950
_d136950